<?xml version="1.0" encoding="UTF-8"?>
<collection xmlns="http://www.loc.gov/MARC21/slim">
 <record>
  <leader>01485nam a2200205Ia 4500</leader>
  <controlfield tag="001">TDMU_18917</controlfield>
  <controlfield tag="008">210410s9999    xx            000 0 und d</controlfield>
  <datafield tag="082" ind1=" " ind2=" ">
   <subfield code="a">543</subfield>
  </datafield>
  <datafield tag="090" ind1=" " ind2=" ">
   <subfield code="b">H450</subfield>
  </datafield>
  <datafield tag="100" ind1=" " ind2=" ">
   <subfield code="a">Hồ, Trung Tính</subfield>
  </datafield>
  <datafield tag="245" ind1=" " ind2="0">
   <subfield code="a">Nghiên cứu hoạt tính ức chế enzym Î± - Glucosidase của một số cây thuốc Phú Quốc</subfield>
  </datafield>
  <datafield tag="245" ind1=" " ind2="0">
   <subfield code="c">Hồ Trung Tính; TS. Nguyễn Thị Thanh Mai (Hướng dẫn)</subfield>
  </datafield>
  <datafield tag="260" ind1=" " ind2=" ">
   <subfield code="a">Tp. Hồ Chí Minh</subfield>
  </datafield>
  <datafield tag="260" ind1=" " ind2=" ">
   <subfield code="c">2011</subfield>
  </datafield>
  <datafield tag="300" ind1=" " ind2=" ">
   <subfield code="a">76tr</subfield>
  </datafield>
  <datafield tag="520" ind1=" " ind2=" ">
   <subfield code="a">Chuyên ngành: Hóa phân tích; Luận văn Thạc sĩ trường Đại học Khoa học tự nhiên, 2011; TM tài liệu tham khảo 5tr. + Phụ lục; Luận văn gồm 4 chương: Chương 1 tổng quan về bệnh đái tháo đường và enzym Î±-Glucosidase. Chương 2 Thực nghiệm hóa chất, thiết bị, dụng cụ; sàng lọc hoạt tính ức chế enzym Î±-Glucosidase và cô lập, xác định cấu trúc các hoạt chất ức chế Î±-Glucosidase từ cây rơm. Chương 3 Kết quả và thảo luận.</subfield>
  </datafield>
  <datafield tag="650" ind1=" " ind2=" ">
   <subfield code="a">Luận văn; Enzym Î±-Glucosidase</subfield>
   <subfield code="x">Nghiên cứu; Bệnh đái tháo đường; Cây Rơm</subfield>
   <subfield code="z">Phú Quốc</subfield>
  </datafield>
  <datafield tag="700" ind1=" " ind2=" ">
   <subfield code="a">Nguyễn Thị Thanh Mai</subfield>
  </datafield>
  <datafield tag="856" ind1=" " ind2=" ">
   <subfield code="u">http://lrc.tdmu.edu.vn/opac/search/detail.asp?aID=2&amp;ID=18917</subfield>
  </datafield>
  <datafield tag="980" ind1=" " ind2=" ">
   <subfield code="a">Trung tâm Học liệu Trường Đại học Thủ Dầu Một</subfield>
  </datafield>
 </record>
</collection>
